Sayang-sayang ibu (Record no. 80461)

MARC details
000 -LEADER
fixed length control field 00775nam a2200277 i 4500
001 - CONTROL NUMBER
control field C2-0272495
003 - CONTROL NUMBER IDENTIFIER
control field PPAK
005 - DATE AND TIME OF LATEST TRANSACTION
control field 20180728002043.0
008 - FIXED-LENGTH DATA ELEMENTS--GENERAL INFORMATION
fixed length control field 060809s2006 my a|||| ||||| | may d
020 ## - INTERNATIONAL STANDARD BOOK NUMBER
International Standard Book Number 9833498736
040 ## - CATALOGING SOURCE
Original cataloging agency PPAK
Language of cataloging eng
Transcribing agency PPAK
Description conventions rda
082 04 - DEWEY DECIMAL CLASSIFICATION NUMBER
Classification number 899.233
Edition number 23
090 00 - LOCALLY ASSIGNED LC-TYPE CALL NUMBER (OCLC); LOCAL CALL NUMBER (RLIN)
Classification number (OCLC) (R) ; Classification number, CALL (RLIN) (NR) 899.233
Feature heading TOM
Feature heading K
100 0# - MAIN ENTRY--PERSONAL NAME
Personal name Tomi Jefri,
Relator term author
245 10 - TITLE STATEMENT
Title Sayang-sayang ibu
264 #1 - PRODUCTION, PUBLICATION, DISTRIBUTION, MANUFACTURE, AND COPYRIGHT NOTICE
Place of production, publication, distribution, manufacture Petaling Jaya, Selangor :
Name of producer, publisher, distributor, manufacturer Vital Star ,
Date of production, publication, distribution, manufacture, or copyright notice 2006
300 ## - PHYSICAL DESCRIPTION
Extent 126 pages :
Other physical details illustrations ;
Dimensions 19 cm
336 ## - CONTENT TYPE
Source rdacontent
Content type term text
337 ## - MEDIA TYPE
Source rdamedia
Media type term unmediated
338 ## - CARRIER TYPE
Source rdacarrier
Carrier type term volume
490 1# - SERIES STATEMENT
Series statement Bapaku penyiasat persendirian
500 ## - GENERAL NOTE
General note Buku 1
650 10 - SUBJECT ADDED ENTRY--TOPICAL TERM
Topical term or geographic name entry element Children's stories, Malay.
830 #0 - SERIES ADDED ENTRY--UNIFORM TITLE
Uniform title Bapaku penyiasat persendirian
942 ## - ADDED ENTRY ELEMENTS (KOHA)
-- dc
Koha item type Book
Holdings
Withdrawn Not for loan Current library Shelving location Date acquired Full call number Barcode Date last seen Koha item type Total Checkouts Date last checked out
    Perpustakaan Alor Setar Pinjaman Kanak-kanak 25/09/2006 K 899.233 TOM A01123469 09/05/2018 Book    
    Perpustakaan Alor Setar Pinjaman Kanak-kanak 12/07/2007 K 899.233 TOM A01179985 02/02/2023 Book 2 30/01/2023
    Perpustakaan Awam Sungai Petani Pinjaman Kanak-kanak 12/07/2007 K 899.233 TOM A01179986 01/09/2025 Book 3 27/08/2025
    Perpustakaan Bandar Baharu Pinjaman Kanak-kanak 12/07/2007 K 899.233 TOM A01179993 09/05/2018 Book    
    Perpustakaan Jitra Pinjaman Kanak-kanak 12/07/2007 K 899.233 TOM A01179987 09/05/2018 Book    
    Perpustakaan Kulim Pinjaman Kanak-kanak 12/07/2007 K 899.233 TOM A01179989 23/08/2020 Book 2 18/01/2020
    Perpustakaan Langkawi Pinjaman Kanak-kanak 12/07/2007 K 899.233 TOM A01179988 09/05/2018 Book    
    Perpustakaan Yan Pinjaman Kanak-kanak 12/07/2007 K 899.233 TOM A01179990 09/05/2018 Book    
    PD04, Kg. Bukit Nambua, Kuala Nerang Pinjaman Kanak-kanak 11/06/2006 K 899.233 TOM A01103659 09/05/2018 Book